The rez sisters : (Record no. 3594)

000 -LEADER
fixed length control field 00879cam a2200265 a 4500
001 - CONTROL NUMBER
control field 4349539
003 - CONTROL NUMBER IDENTIFIER
control field OSt
005 - DATE AND TIME OF LATEST TRANSACTION
control field 20220126072545.0
008 - FIXED-LENGTH DATA ELEMENTS--GENERAL INFORMATION
fixed length control field 890321s1988 sncc 000 0 eng d
010 ## - LIBRARY OF CONGRESS CONTROL NUMBER
LC control number 89124543
020 ## - INTERNATIONAL STANDARD BOOK NUMBER
International Standard Book Number 092007944X
035 ## - SYSTEM CONTROL NUMBER
System control number (OCoLC)18381242
040 ## - CATALOGING SOURCE
Original cataloging agency CaMWU
Transcribing agency DLC
Modifying agency DLC
042 ## - AUTHENTICATION CODE
Authentication code lccopycat
050 04 - LIBRARY OF CONGRESS CALL NUMBER
Classification number PR919
Item number .R4 1988
082 04 - DEWEY DECIMAL CLASSIFICATION NUMBER
Classification number 812/.54
Edition number 19
100 1# - MAIN ENTRY--PERSONAL NAME
Personal name Highway, Tomson,
Dates associated with a name 1951-
245 14 - TITLE STATEMENT
Title The rez sisters :
Remainder of title a play in two acts /
Statement of responsibility, etc. by Tomson Highway.
260 ## - PUBLICATION, DISTRIBUTION, ETC.
Place of publication, distribution, etc. Saskatoon :
Name of publisher, distributor, etc. Fifth House,
Date of publication, distribution, etc. 1988.
300 ## - PHYSICAL DESCRIPTION
Extent xiii, 118 p. :
Other physical details port. ;
Dimensions 22 cm.
856 42 - ELECTRONIC LOCATION AND ACCESS
Materials specified Contributor biographical information
Uniform Resource Identifier <a href="http://www.loc.gov/catdir/enhancements/fy1212/89124543-b.html">http://www.loc.gov/catdir/enhancements/fy1212/89124543-b.html</a>
906 ## - LOCAL DATA ELEMENT F, LDF (RLIN)
a 7
b cbc
c copycat
d 3
e ncip
f 19
g y-gencatlg
942 ## - ADDED ENTRY ELEMENTS (KOHA)
Source of classification or shelving scheme
Koha item type Book
Suppress in OPAC DO
Holdings
Withdrawn status Lost status Source of classification or shelving scheme Damaged status Not for loan Permanent Location Current Location Shelving location Date acquired Source of acquisition Total Checkouts Full call number Barcode Date last seen Date last checked out Price effective from Koha item type Public note
          AU LIBRARY AU LIBRARY Open Shelf 26.01.2022 DONATION FROM MOI UNIVERSITY 1 PR919 .R4 1988 28004967 22.09.2022 07.09.2022 26.01.2022 Book DO

Powered by Koha